[Event "417 Stay Safe Play From Home series"]
[Site "Emanuel Lasker Arena"]
[Date "2020.08.28"]
[Round "2"]
[White "IceQueen"]
[Black "Nguyen Hong Anh"]
[Result "1-0"]
[WhiteElo "2365"]
[BlackElo "2310"]
[PlyCount "91"]
[EventDate "2020.08.28"]
[EventType "swiss (blitz)"]

1. e4 {[%emt 0:00:01]} c5 {[%emt 0:00:01]} 2. Nf3 {[%emt 0:00:01]} Nc6 {[%emt 0:00:00]} 3. Nc3 {[%emt 0:00:00]} g6 {[%emt 0:00:01]} 4. d4 {[%emt 0:00:01]} cxd4 {[%emt 0:00:00]} 5. Nxd4 {[%emt 0:00:00]} Bg7 {[%emt 0:00:00]} 6. Be3 {[%emt 0:00:00]} Nf6 {[%emt 0:00:01]} 7. Nxc6 {[%emt 0:00:00]} bxc6 {[%emt 0:00:02]} 8. e5 {[%emt 0:00:01]} Ng8 {[%emt 0:00:01]} 9. f4 {[%emt 0:00:01]} Nh6 {[%emt 0:00:01]} 10. Qf3 {[%emt 0:00:01]} O-O {[%emt 0:00:00]} 11. O-O-O {[%emt 0:00:01]} d6 {[%emt 0:00:01]} 12. h3 {[%emt 0:00:04]} Qc7 {[%emt 0:00:02]} 13. g4 {[%emt 0:00:07]} dxe5 {[%emt 0:00:01]} 14. f5 {[%emt 0:00:01]} gxf5 {[%emt 0:00:02]} 15. g5 {[%emt 0:00:01]} e4 {[%emt 0:00:03]} 16. Qg2 {[%emt 0:00:02]} Kh8 {[%emt 0:00:02]} 17. gxh6 {[%emt 0:00:01]} Bf6 {[%emt 0:00:01]} 18. Rg1 {[%emt 0:00:02]} f4 {[%emt 0:00:06]} 19. Bd4 {[%emt 0:00:02]} e5 {[%emt 0:00:01]} 20. Bc5 {[%emt 0:00:01]} Rd8 {[%emt 0:00:02]} 21. Rxd8+ {[%emt 0:00:02]} Qxd8 {[%emt 0:00:01]} 22. Nxe4 {[%emt 0:00:00]} Bf5 {[%emt 0:00:01]} 23. Nxf6 {[%emt 0:00:02]} Qxf6 {[%emt 0:00:01]} 24. Qg5 {[%emt 0:00:04]} Qxg5 {[%emt 0:00:05]} 25. Rxg5 {[%emt 0:00:00]} Bg6 {[%emt 0:00:01]} 26. Rxe5 {[%emt 0:00:00]} Kg8 {[%emt 0:00:02]} 27. Bg2 {[%emt 0:00:02]} Rd8 {[%emt 0:00:00]} 28. Bxc6 {[%emt 0:00:02]} Rc8 {[%emt 0:00:01]} 29. Re8+ {[%emt 0:00:01]} Rxe8 {[%emt 0:00:01]} 30. Bxe8 {[%emt 0:00:00]} f3 {[%emt 0:00:00]} 31. Bf2 {[%emt 0:00:02]} Bf5 {[%emt 0:00:01]} 32. h4 {[%emt 0:00:00]} Bh3 {[%emt 0:00:00]} 33. Bxa7 {[%emt 0:00:02]} Bg4 {[%emt 0:00:00]} 34. Bf2 {[%emt 0:00:01]} Bh5 {[%emt 0:00:01]} 35. Bb5 {[%emt 0:00:00]} Bg6 {[%emt 0:00:00]} 36. Bd3 {[%emt 0:00:00]} Bxd3 {[%emt 0:00:01]} 37. cxd3 {[%emt 0:00:00]} f5 {[%emt 0:00:00]} 38. a4 {[%emt 0:00:00]} Kf7 {[%emt 0:00:00]} 39. a5 {[%emt 0:00:00]} Kg6 {[%emt 0:00:00]} 40. a6 {[%emt 0:00:00]} f4 {[%emt 0:00:00]} 41. a7 {[%emt 0:00:00]} Kh5 {[%emt 0:00:00]} 42. a8=Q {[%emt 0:00:00]} Kg4 {[%emt 0:00:00]} 43. Qe4 {[%emt 0:00:01]} Kh3 {[%emt 0:00:00]} 44. Qxf3+ {[%emt 0:00:01]} Kh2 {[%emt 0:00:01]} 45. Qg4 {[%emt 0:00:01]} Kh1 {[%emt 0:00:01]} 46. Qh3# {[%emt 0:00:01] (Lag: Av=0.58s, max=1.4s) (Lag: Av=0.58s, max=1.4s) (Lag: Av=0.58s, max=1.4s)} 1-0

[Event "417 Stay Safe Play From Home series"]
[Site "Emanuel Lasker Arena"]
[Date "2020.08.28"]
[Round "2"]
[White "TheCHESSHOUSE"]
[Black "Lazieri3"]
[Result "0-1"]
[WhiteElo "2064"]
[BlackElo "2105"]
[Annotator "NA"]
[PlyCount "112"]
[EventDate "2020.08.28"]
[EventType "swiss (blitz)"]

1. Nc3 {[%emt 0:00:02]} c6 {[%emt 0:00:00]} 2. d4 {[%emt 0:00:01]} d5 {[%emt 0:00:00]} 3. e3 {[%emt 0:00:01]} Nf6 {[%emt 0:00:01]} 4. Nf3 {[%emt 0:00:01]} Bg4 {[%emt 0:00:01]} 5. Be2 {[%emt 0:00:01]} e6 {[%emt 0:00:01]} 6. h3 {[%emt 0:00:01]} Bh5 {[%emt 0:00:01]} 7. O-O {[%emt 0:00:01]} Bd6 {[%emt 0:00:01]} 8. Nh2 {[%emt 0:00:03]} Bxe2 {[%emt 0:00:02]} 9. Qxe2 {[%emt 0:00:00]} Bxh2+ {[%emt 0:00:01]} 10. Kxh2 {[%emt 0:00:01]} Nbd7 {[%emt 0:00:01]} 11. e4 {[%emt 0:00:01]} Nxe4 {[%emt 0:00:01]} 12. Nxe4 {[%emt 0:00:00]} dxe4 {[%emt 0:00:00]} 13. Qxe4 {[%emt 0:00:00]} Nf6 {[%emt 0:00:00]} 14. Qd3 {[%emt 0:00:02]} O-O {[%emt 0:00:01]} 15. Bf4 {[%emt 0:00:01]} Nd5 {[%emt 0:00:01]} 16. Bg3 {[%emt 0:00:01]} Qf6 {[%emt 0:00:02]} 17. c3 {[%emt 0:00:01]} c5 {[%emt 0:00:01]} 18. dxc5 {[%emt 0:00:02]} Rac8 {[%emt 0:00:02]} 19. Qd4 {[%emt 0:00:02]} Rfd8 {[%emt 0:00:04]} 20. Rad1 {[%emt 0:00:04]} Ne7 {[%emt 0:00:06]} 21. Qxf6 {[%emt 0:00:03]} gxf6 {[%emt 0:00:00]} 22. Bd6 {[%emt 0:00:03]} Nf5 {[%emt 0:00:03]} 23. b4 {[%emt 0:00:08]} Rc6 {[%emt 0:00:02]} 24. Bf4 {[%emt 0:00:01]} Rxd1 {[%emt 0:00:02]} 25. Rxd1 {[%emt 0:00:01]} b6 {[%emt 0:00:01]} 26. g4 {[%emt 0:00:01]} Nh4 {[%emt 0:00:04]} 27. Kg3 {[%emt 0:00:01]} Ng6 {[%emt 0:00:02]} 28. Bh6 {[%emt 0:00:03]} Rc8 {[%emt 0:00:01]} 29. Rd7 {[%emt 0:00:01]} bxc5 {[%emt 0:00:01]} 30. bxc5 {[%emt 0:00:00]} Ne5 {[%emt 0:00:01]} 31. Rxa7 {[%emt 0:00:02]} f5 {[%emt 0:00:02]} 32. gxf5 {[%emt 0:00:01]} exf5 {[%emt 0:00:01]} 33. Be3 {[%emt 0:00:01]} Nd3 {[%emt 0:00:02]} 34. Ra5 {[%emt 0:00:02]} Kg7 {[%emt 0:00:03]} 35. Bd4+ {[%emt 0:00:01]} Kg6 {[%emt 0:00:01]} 36. Kf3 {[%emt 0:00:01]} Ne1+ {[%emt 0:00:02]} 37. Kg3 {[%emt 0:00:01]} Nc2 {[%emt 0:00:00]} 38. Ra6+ {[%emt 0:00:01]} Kh5 {[%emt 0:00:03]} 39. c6 {[%emt 0:00:00]} Nxd4 {[%emt 0:00:02]} 40. cxd4 {[%emt 0:00:00]} Rd8 {[%emt 0:00:00]} 41. Kf3 {[%emt 0:00:00]} Rxd4 {[%emt 0:00:01]} 42. c7 {[%emt 0:00:00]} Rc4 {[%emt 0:00:00]} 43. Ra7 {[%emt 0:00:00]} Rc3+ {[%emt 0:00:00]} 44. Kg2 {[%emt 0:00:01]} Rc2 {[%emt 0:00:00]} 45. Ra5 {[%emt 0:00:00]} Kg6 {[%emt 0:00:01]} 46. Rxf5 {[%emt 0:00:00]} Rxc7 {[%emt 0:00:01]} 47. Rxf7 {[%emt 0:00:01]} Kxf7 {[%emt 0:00:00]} 48. f3 {[%emt 0:00:00]} Rc2+ {[%emt 0:00:00]} 49. Kg3 {[%emt 0:00:00]} Rxa2 {[%emt 0:00:00]} 50. h4 {[%emt 0:00:00]} Ra4 {[%emt 0:00:00]} 51. f4 {[%emt 0:00:01]} Rb4 {[%emt 0:00:00]} 52. Kg4 {[%emt 0:00:00]} Kg7 {[%emt 0:00:00]} 53. h5 {[%emt 0:00:00]} h6 {[%emt 0:00:00]} 54. Kh4 {[%emt 0:00:01]} Rb5 {[%emt 0:00:00]} 55. Kg4 {[%emt 0:00:00]} Rc5 {[%emt 0:00:00]} 56. Kg3 {[%emt 0:00:00]} Rf5 {[%emt 0:00:00]} 0-1

[Event "417 Stay Safe Play From Home series"]
[Site "Emanuel Lasker Arena"]
[Date "2020.08.28"]
[Round "2"]
[White "Fischer_11"]
[Black "Tran Minh Thang"]
[Result "0-1"]
[WhiteElo "2027"]
[BlackElo "2463"]
[Annotator "NA"]
[PlyCount "116"]
[EventDate "2020.08.28"]
[EventType "swiss (blitz)"]

1. e4 {[%emt 0:00:03]} c5 {[%emt 0:00:02]} 2. c3 {[%emt 0:00:01]} Nf6 {[%emt 0:00:01]} 3. e5 {[%emt 0:00:01]} Nd5 {[%emt 0:00:00]} 4. d4 {[%emt 0:00:00]} e6 {[%emt 0:00:01]} 5. f4 {[%emt 0:00:03]} d6 {[%emt 0:00:01]} 6. Nf3 {[%emt 0:00:02]} Nc6 {[%emt 0:00:01]} 7. Bd3 {[%emt 0:00:01]} cxd4 {[%emt 0:00:01]} 8. cxd4 {[%emt 0:00:00]} dxe5 {[%emt 0:00:00]} 9. fxe5 {[%emt 0:00:01]} Bb4+ {[%emt 0:00:01]} 10. Bd2 {[%emt 0:00:01]} Ne3 {[%emt 0:00:01]} 11. Qe2 {[%emt 0:00:06]} Bxd2+ {[%emt 0:00:04]} 12. Nbxd2 {[%emt 0:00:05]} Nd5 {[%emt 0:00:00]} 13. Qe4 {[%emt 0:00:02]} b6 {[%emt 0:00:05]} 14. O-O {[%emt 0:00:03]} Bb7 {[%emt 0:00:01]} 15. Nc4 {[%emt 0:00:04]} Kd7 {[%emt 0:00:17]} 16. Nd6 {[%emt 0:00:06]} f5 {[%emt 0:00:01]} 17. exf6 {[%emt 0:00:02]} Kxd6 {[%emt 0:00:01]} 18. fxg7 {[%emt 0:00:02]} Rg8 {[%emt 0:00:00]} 19. Ne5 {[%emt 0:00:02]} Rxg7 {[%emt 0:00:01]} 20. Nf7+ {[%emt 0:00:02]} Rxf7 {[%emt 0:00:00]} 21. Rxf7 {[%emt 0:00:00]} Nce7 {[%emt 0:00:00]} 22. Qe5+ {[%emt 0:00:01]} Kd7 {[%emt 0:00:00]} 23. Rc1 {[%emt 0:00:02]} Rc8 {[%emt 0:00:01]} 24. Bb5+ {[%emt 0:00:01]} Bc6 {[%emt 0:00:00]} 25. Bxc6+ {[%emt 0:00:03]} Rxc6 {[%emt 0:00:00]} 26. Rxc6 {[%emt 0:00:00]} Kxc6 {[%emt 0:00:00]} 27. Qxe6+ {[%emt 0:00:01]} Qd6 {[%emt 0:00:00]} 28. Qxd6+ {[%emt 0:00:01]} Kxd6 {[%emt 0:00:00]} 29. Rxh7 {[%emt 0:00:00]} Nc6 {[%emt 0:00:00]} 30. Rh6+ {[%emt 0:00:00]} Kd7 {[%emt 0:00:00]} 31. Rh5 {[%emt 0:00:00]} Nf4 {[%emt 0:00:01]} 32. g4 {[%emt 0:00:00]} Nxh5 {[%emt 0:00:01]} 33. gxh5 {[%emt 0:00:00]} Nxd4 {[%emt 0:00:00]} 34. h6 {[%emt 0:00:00]} Nf3+ {[%emt 0:00:02]} 35. Kf2 {[%emt 0:00:01]} Ng5 {[%emt 0:00:00]} 36. h4 {[%emt 0:00:01]} Nh7 {[%emt 0:00:01]} 37. Kf3 {[%emt 0:00:00]} Ke7 {[%emt 0:00:00]} 38. Kf4 {[%emt 0:00:00]} Kf6 {[%emt 0:00:00]} 39. h5 {[%emt 0:00:01]} Ng5 {[%emt 0:00:03]} 40. b4 {[%emt 0:00:00]} Nf7 {[%emt 0:00:02]} 41. a4 {[%emt 0:00:00]} Nxh6 {[%emt 0:00:01]} 42. a5 {[%emt 0:00:00]} b5 {[%emt 0:00:01]} 43. Ke4 {[%emt 0:00:01]} Ke6 {[%emt 0:00:00]} 44. Kd4 {[%emt 0:00:01]} Kd6 {[%emt 0:00:00]} 45. Ke4 {[%emt 0:00:00]} a6 {[%emt 0:00:00]} 46. Kf4 {[%emt 0:00:00]} Kd5 {[%emt 0:00:00]} 47. Kg5 {[%emt 0:00:00]} Nf7+ {[%emt 0:00:00]} 48. Kf6 {[%emt 0:00:00]} Ne5 {[%emt 0:00:00]} 49. Kg5 {[%emt 0:00:00]} Ng4 {[%emt 0:00:00]} 50. h6 {[%emt 0:00:00]} Nxh6 {[%emt 0:00:00]} 51. Kxh6 {[%emt 0:00:00]} Kc4 {[%emt 0:00:00]} 52. Kg5 {[%emt 0:00:00]} Kxb4 {[%emt 0:00:00]} 53. Kf5 {[%emt 0:00:00]} Kc4 {[%emt 0:00:00]} 54. Kf4 {[%emt 0:00:00]} b4 {[%emt 0:00:00]} 55. Ke3 {[%emt 0:00:00]} b3 {[%emt 0:00:00]} 56. Kd2 {[%emt 0:00:00]} Kb4 {[%emt 0:00:00]} 57. Kc1 {[%emt 0:00:00]} Kc3 {[%emt 0:00:00]} 58. Kb1 {[%emt 0:00:00]} b2 {[%emt 0:00:00] Zeit Zeit Zeit (Lag: Av=0.59s, max=1.1s) (Lag: Av=0.59s, max=1.1s) (Lag: Av=0.59s, max=1.1s) . . .} 0-1

[Event "417 Stay Safe Play From Home series"]
[Site "Emanuel Lasker Arena"]
[Date "2020.08.28"]
[Round "2"]
[White "GIULIO19031975"]
[Black "KING o KONG"]
[Result "1-0"]
[WhiteElo "1836"]
[BlackElo "954"]
[Annotator "NA"]
[PlyCount "55"]
[EventDate "2020.08.28"]
[EventType "swiss (blitz)"]

1. e4 {[%emt 0:00:01]} e6 {[%emt 0:00:01]} 2. Nf3 {[%emt 0:00:00]} d6 {[%emt 0:00:01]} 3. Nc3 {[%emt 0:00:00]} b6 {[%emt 0:00:01]} 4. d4 {[%emt 0:00:00]} Bb7 {[%emt 0:00:01]} 5. Bd3 {[%emt 0:00:00]} Be7 {[%emt 0:00:02]} 6. Bf4 {[%emt 0:00:01]} Bf6 {[%emt 0:00:01]} 7. Qe2 {[%emt 0:00:00]} Qe7 {[%emt 0:00:01]} 8. O-O-O {[%emt 0:00:01]} h5 {[%emt 0:00:02]} 9. Rhe1 {[%emt 0:00:02]} g5 {[%emt 0:00:01]} 10. e5 {[%emt 0:00:00]} gxf4 {[%emt 0:00:02]} 11. exf6 {[%emt 0:00:00]} Qxf6 {[%emt 0:00:01]} 12. d5 {[%emt 0:00:00]} e5 {[%emt 0:00:02]} 13. Nd4 {[%emt 0:00:02]} Nd7 {[%emt 0:00:02]} 14. Nc6 {[%emt 0:00:01]} Bxc6 {[%emt 0:00:02]} 15. dxc6 {[%emt 0:00:01]} Nc5 {[%emt 0:00:02]} 16. Nd5 {[%emt 0:00:01]} Nxd3+ {[%emt 0:00:01]} 17. Qxd3 {[%emt 0:00:01]} Qe6 {[%emt 0:00:02]} 18. Nxc7+ {[%emt 0:00:01]} Ke7 {[%emt 0:00:06]} 19. Nxe6 {[%emt 0:00:01]} Kxe6 {[%emt 0:00:01]} 20. Qxd6+ {[%emt 0:00:01]} Kf5 {[%emt 0:00:02]} 21. h3 {[%emt 0:00:01]} Nf6 {[%emt 0:00:01]} 22. g4+ {[%emt 0:00:01]} Kg5 {[%emt 0:00:02]} 23. gxh5 {[%emt 0:00:01]} Rhd8 {[%emt 0:00:02]} 24. Qxd8 {[%emt 0:00:01]} Rxd8 {[%emt 0:00:02]} 25. Rxd8 {[%emt 0:00:01]} Kxh5 {[%emt 0:00:05]} 26. c7 {[%emt 0:00:00]} Nd5 {[%emt 0:00:05]} 27. Rg1 {[%emt 0:00:01]} Nb4 {[%emt 0:00:02]} 28. Rh8# {[%emt 0:00:01] Mate Mate Mate (Lag: Av=0.40s, max=1.0s) (Lag: Av=0.40s, max=1.0s) (Lag: Av=0.40s, max=1.0s)} 1-0

[Event "417 Stay Safe Play From Home series"]
[Site "Emanuel Lasker Arena"]
[Date "2020.08.28"]
[Round "2"]
[White "Leopart"]
[Black "Hickey"]
[Result "0-1"]
[WhiteElo "1620"]
[BlackElo "2323"]
[PlyCount "68"]
[EventDate "2020.08.28"]
[EventType "swiss (blitz)"]

1. b4 {[%emt 0:00:02]} Nf6 {[%emt 0:00:01]} 2. Bb2 {[%emt 0:00:01]} e6 {[%emt 0:00:00]} 3. a3 {[%emt 0:00:01]} Be7 {[%emt 0:00:06]} 4. Nf3 {[%emt 0:00:00]} O-O {[%emt 0:00:00]} 5. e3 {[%emt 0:00:03]} a5 {[%emt 0:00:00]} 6. Be2 {[%emt 0:00:03]} axb4 {[%emt 0:00:01]} 7. axb4 {[%emt 0:00:02]} Rxa1 {[%emt 0:00:00]} 8. Bxa1 {[%emt 0:00:01]} Bxb4 {[%emt 0:00:00]} 9. O-O {[%emt 0:00:02]} Be7 {[%emt 0:00:00]} 10. h3 {[%emt 0:00:02]} d5 {[%emt 0:00:00]} 11. c4 {[%emt 0:00:01]} c5 {[%emt 0:00:02]} 12. cxd5 {[%emt 0:00:02]} Nxd5 {[%emt 0:00:01]} 13. d4 {[%emt 0:00:02]} cxd4 {[%emt 0:00:02]} 14. Bxd4 {[%emt 0:00:02]} Nc6 {[%emt 0:00:01]} 15. Qb3 {[%emt 0:00:03]} Nxd4 {[%emt 0:00:02]} 16. Nxd4 {[%emt 0:00:03]} Bf6 {[%emt 0:00:00]} 17. Nd2 {[%emt 0:00:03]} Qe7 {[%emt 0:00:03]} 18. Ne4 {[%emt 0:00:01]} Rd8 {[%emt 0:00:04]} 19. Nxf6+ {[%emt 0:00:01]} Nxf6 {[%emt 0:00:00]} 20. Bf3 {[%emt 0:00:02]} e5 {[%emt 0:00:01]} 21. Ne2 {[%emt 0:00:02]} e4 {[%emt 0:00:01]} 22. Bg4 {[%emt 0:00:02]} Bxg4 {[%emt 0:00:01]} 23. hxg4 {[%emt 0:00:01]} Nxg4 {[%emt 0:00:00]} 24. Nf4 {[%emt 0:00:01]} Qh4 {[%emt 0:00:02]} 25. Nh3 {[%emt 0:00:02]} Qf6 {[%emt 0:00:02]} 26. Qxb7 {[%emt 0:00:02]} Re8 {[%emt 0:00:03]} 27. Qd7 {[%emt 0:00:03]} Qe6 {[%emt 0:00:01]} 28. Qxe6 {[%emt 0:00:02]} Rxe6 {[%emt 0:00:00]} 29. Nf4 {[%emt 0:00:01]} Re8 {[%emt 0:00:02]} 30. Ra1 {[%emt 0:00:02]} g6 {[%emt 0:00:01]} 31. Nd5 {[%emt 0:00:02]} h5 {[%emt 0:00:01]} 32. Nc7 {[%emt 0:00:01]} Rc8 {[%emt 0:00:02]} 33. Ra7 {[%emt 0:00:03]} Ne5 {[%emt 0:00:03]} 34. f4 {[%emt 0:00:01]} exf3 {[%emt 0:00:01] Zeit Zeit Zeit (Lag: Av=0.57s, max=1.0s) (Lag: Av=0.57s, max=1.0s) (Lag: Av=0.57s, max=1.0s)} 0-1

[Event "417 Stay Safe Play From Home series"]
[Site "Emanuel Lasker Arena"]
[Date "2020.08.28"]
[Round "2"]
[White "Klasman"]
[Black "GMONIK"]
[Result "0-1"]
[WhiteElo "1313"]
[BlackElo "1777"]
[Annotator "NA"]
[PlyCount "52"]
[EventDate "2020.08.28"]
[EventType "swiss (blitz)"]

1. f4 {[%emt 0:00:02]} e6 {[%emt 0:00:00]} 2. e4 {[%emt 0:00:01]} Be7 {[%emt 0:00:00]} 3. d4 {[%emt 0:00:01]} c5 {[%emt 0:00:00]} 4. d5 {[%emt 0:00:03]} exd5 {[%emt 0:00:00]} 5. exd5 {[%emt 0:00:01]} d6 {[%emt 0:00:01]} 6. c4 {[%emt 0:00:01]} Nf6 {[%emt 0:00:00]} 7. Nf3 {[%emt 0:00:01]} O-O {[%emt 0:00:00]} 8. Bd3 {[%emt 0:00:01]} Bg4 {[%emt 0:00:01]} 9. O-O {[%emt 0:00:02]} Bxf3 {[%emt 0:00:00]} 10. Qxf3 {[%emt 0:00:02]} Nbd7 {[%emt 0:00:00]} 11. Nc3 {[%emt 0:00:01]} Re8 {[%emt 0:00:00]} 12. Be3 {[%emt 0:00:03]} Bf8 {[%emt 0:00:00]} 13. g4 {[%emt 0:00:03]} g6 {[%emt 0:00:01]} 14. f5 {[%emt 0:00:02]} Bg7 {[%emt 0:00:02]} 15. fxg6 {[%emt 0:00:01]} fxg6 {[%emt 0:00:01]} 16. g5 {[%emt 0:00:02]} Nh5 {[%emt 0:00:02]} 17. Qf7+ {[%emt 0:00:03]} Kh8 {[%emt 0:00:00]} 18. Bxg6 {[%emt 0:00:02]} Ne5 {[%emt 0:00:08]} 19. Qxe8+ {[%emt 0:00:06]} Qxe8 {[%emt 0:00:04]} 20. Bxe8 {[%emt 0:00:01]} Rxe8 {[%emt 0:00:01]} 21. Bd2 {[%emt 0:00:03]} Nxc4 {[%emt 0:00:03]} 22. Be1 {[%emt 0:00:06]} Ne3 {[%emt 0:00:06]} 23. Rf3 {[%emt 0:00:04]} Bd4 {[%emt 0:00:01]} 24. Rxe3 {[%emt 0:00:03]} Bxe3+ {[%emt 0:00:01]} 25. Kg2 {[%emt 0:00:01]} Ng7 {[%emt 0:00:02]} 26. Bg3 {[%emt 0:00:01]} Nf5 {[%emt 0:00:01] Time Time Time (Lag: Av=0.40s, max=0.6s) (Lag: Av=0.40s, max=0.6s) (Lag: Av=0.40s, max=0.6s)} 0-1

[Event "417 Stay Safe Play From Home series"]
[Site "Emanuel Lasker Arena"]
[Date "2020.08.28"]
[Round "2"]
[White "W Nelles"]
[Black "Stefanone"]
[Result "0-1"]
[WhiteElo "1201"]
[BlackElo "2022"]
[PlyCount "52"]
[EventDate "2020.08.28"]
[EventType "swiss (blitz)"]

1. e4 {[%emt 0:00:02]} e6 {[%emt 0:00:01]} 2. Nf3 {[%emt 0:00:01]} d5 {[%emt 0:00:00]} 3. e5 {[%emt 0:00:01]} c5 {[%emt 0:00:01]} 4. Nc3 {[%emt 0:00:01]} Nc6 {[%emt 0:00:01]} 5. d3 {[%emt 0:00:01]} Nge7 {[%emt 0:00:01]} 6. Bg5 {[%emt 0:00:02]} h6 {[%emt 0:00:01]} 7. Bxe7 {[%emt 0:00:02]} Qxe7 {[%emt 0:00:00]} 8. Qd2 {[%emt 0:00:03]} g5 {[%emt 0:00:01]} 9. O-O-O {[%emt 0:00:02]} Bg7 {[%emt 0:00:00]} 10. Nb5 {[%emt 0:00:01]} O-O {[%emt 0:00:01]} 11. d4 {[%emt 0:00:02]} cxd4 {[%emt 0:00:01]} 12. Nfxd4 {[%emt 0:00:02]} Nxd4 {[%emt 0:00:01]} 13. Nxd4 {[%emt 0:00:01]} f6 {[%emt 0:00:01]} 14. exf6 {[%emt 0:00:04]} Qxf6 {[%emt 0:00:00]} 15. c3 {[%emt 0:00:03]} e5 {[%emt 0:00:02]} 16. Nf3 {[%emt 0:00:04]} Be6 {[%emt 0:00:03]} 17. Be2 {[%emt 0:00:03]} Rfc8 {[%emt 0:00:01]} 18. Kb1 {[%emt 0:00:01]} b5 {[%emt 0:00:01]} 19. Rhe1 {[%emt 0:00:05]} b4 {[%emt 0:00:01]} 20. c4 {[%emt 0:00:03]} dxc4 {[%emt 0:00:01]} 21. Qxb4 {[%emt 0:00:02]} Rab8 {[%emt 0:00:01]} 22. Qd6 {[%emt 0:00:04]} e4 {[%emt 0:00:01]} 23. Nd4 {[%emt 0:00:04]} Rd8 {[%emt 0:00:01]} 24. Qxe6+ {[%emt 0:00:05]} Qxe6 {[%emt 0:00:01]} 25. Nxe6 {[%emt 0:00:01]} Rxd1+ {[%emt 0:00:00]} 26. Rxd1 {[%emt 0:00:01]} Be5 {[%emt 0:00:02] Zeit Zeit Zeit (Lag: Av=0.50s, max=0.8s) (Lag: Av=0.50s, max=0.8s) (Lag: Av=0.50s, max=0.8s)} 0-1

[Event "417 Stay Safe Play From Home series"]
[Site "Emanuel Lasker Arena"]
[Date "2020.08.28"]
[Round "3"]
[White "Hickey"]
[Black "Stefanone"]
[Result "1-0"]
[WhiteElo "2324"]
[BlackElo "2022"]
[PlyCount "79"]
[EventDate "2020.08.28"]
[EventType "swiss (blitz)"]

1. Nf3 {[%emt 0:00:05]} d5 {[%emt 0:00:01]} 2. g3 {[%emt 0:00:00]} c6 {[%emt 0:00:00]} 3. Bg2 {[%emt 0:00:02]} e6 {[%emt 0:00:00]} 4. O-O {[%emt 0:00:00]} f5 {[%emt 0:00:00]} 5. d4 {[%emt 0:00:00]} Nf6 {[%emt 0:00:00]} 6. c4 {[%emt 0:00:00]} Bd6 {[%emt 0:00:01]} 7. Qc2 {[%emt 0:00:01]} Qe7 {[%emt 0:00:01]} 8. b3 {[%emt 0:00:00]} O-O {[%emt 0:00:01]} 9. Bb2 {[%emt 0:00:01]} Nbd7 {[%emt 0:00:01]} 10. a4 {[%emt 0:00:01]} Ne4 {[%emt 0:00:01]} 11. Ba3 {[%emt 0:00:01]} Bxa3 {[%emt 0:00:01]} 12. Nxa3 {[%emt 0:00:00]} a5 {[%emt 0:00:02]} 13. e3 {[%emt 0:00:01]} g5 {[%emt 0:00:01]} 14. Nd2 {[%emt 0:00:03]} Nxd2 {[%emt 0:00:01]} 15. Qxd2 {[%emt 0:00:00]} Nf6 {[%emt 0:00:00]} 16. Nb1 {[%emt 0:00:03]} Ne4 {[%emt 0:00:01]} 17. Qc2 {[%emt 0:00:00]} g4 {[%emt 0:00:01]} 18. Nd2 {[%emt 0:00:01]} h5 {[%emt 0:00:02]} 19. f3 {[%emt 0:00:01]} Nxd2 {[%emt 0:00:01]} 20. Qxd2 {[%emt 0:00:01]} Bd7 {[%emt 0:00:00]} 21. e4 {[%emt 0:00:02]} Qh7 {[%emt 0:00:02]} 22. exd5 {[%emt 0:00:03]} exd5 {[%emt 0:00:01]} 23. cxd5 {[%emt 0:00:00]} cxd5 {[%emt 0:00:00]} 24. fxg4 {[%emt 0:00:01]} fxg4 {[%emt 0:00:02]} 25. Bxd5+ {[%emt 0:00:00]} Kh8 {[%emt 0:00:01]} 26. Bg2 {[%emt 0:00:00]} Rad8 {[%emt 0:00:02]} 27. Rae1 {[%emt 0:00:01]} Bc6 {[%emt 0:00:01]} 28. d5 {[%emt 0:00:01]} Rxf1+ {[%emt 0:00:02]} 29. Rxf1 {[%emt 0:00:01]} Bd7 {[%emt 0:00:02]} 30. Qxa5 {[%emt 0:00:02]} Qd3 {[%emt 0:00:04]} 31. Qb4 {[%emt 0:00:02]} Qe3+ {[%emt 0:00:03]} 32. Kh1 {[%emt 0:00:02]} Re8 {[%emt 0:00:01]} 33. Qf4 {[%emt 0:00:01]} Qxf4 {[%emt 0:00:01]} 34. gxf4 {[%emt 0:00:00]} Bf5 {[%emt 0:00:01]} 35. Rc1 {[%emt 0:00:02]} Re7 {[%emt 0:00:01]} 36. d6 {[%emt 0:00:01]} Rd7 {[%emt 0:00:01]} 37. Rc8+ {[%emt 0:00:01]} Kg7 {[%emt 0:00:01]} 38. Rc7 {[%emt 0:00:00]} Kf6 {[%emt 0:00:00]} 39. Rxd7 {[%emt 0:00:01]} Bxd7 {[%emt 0:00:00]} 40. Bxb7 {[%emt 0:00:00] Stefanone abbandona Stefanone abbandona Stefanone abbandona (Lag: Av=0.58s, max=1.4s) (Lag: Av=0.58s, max=1.4s) (Lag: Av=0.58s, max=1.4s)} 1-0

[Event "417 Stay Safe Play From Home series"]
[Site "Emanuel Lasker Arena"]
[Date "2020.08.28"]
[Round "3"]
[White "Nguyen Hong Anh"]
[Black "GIULIO19031975"]
[Result "1-0"]
[WhiteElo "2296"]
[BlackElo "1836"]
[Annotator "NA"]
[PlyCount "79"]
[EventDate "2020.08.28"]
[EventType "swiss (blitz)"]

1. d4 {[%emt 0:00:02]} d5 {[%emt 0:00:01]} 2. c4 {[%emt 0:00:03]} Nf6 {[%emt 0:00:00]} 3. Nf3 {[%emt 0:00:01]} e6 {[%emt 0:00:00]} 4. g3 {[%emt 0:00:00]} c6 {[%emt 0:00:00]} 5. Bg2 {[%emt 0:00:00]} Bb4+ {[%emt 0:00:00]} 6. Bd2 {[%emt 0:00:01]} Bxd2+ {[%emt 0:00:01]} 7. Nbxd2 {[%emt 0:00:00]} dxc4 {[%emt 0:00:00]} 8. O-O {[%emt 0:00:00]} O-O {[%emt 0:00:00]} 9. Nxc4 {[%emt 0:00:01]} Nbd7 {[%emt 0:00:00]} 10. Nfe5 {[%emt 0:00:01]} b5 {[%emt 0:00:01]} 11. Nxc6 {[%emt 0:00:01]} Qc7 {[%emt 0:00:02]} 12. Na3 {[%emt 0:00:01]} Bb7 {[%emt 0:00:01]} 13. Nxb5 {[%emt 0:00:02]} Qb6 {[%emt 0:00:01]} 14. Ne7+ {[%emt 0:00:02]} Kh8 {[%emt 0:00:01]} 15. Bxb7 {[%emt 0:00:01]} Qxb7 {[%emt 0:00:01]} 16. Qb3 {[%emt 0:00:01]} Nb6 {[%emt 0:00:01]} 17. Nf5 {[%emt 0:00:05]} a6 {[%emt 0:00:02]} 18. Nbd6 {[%emt 0:00:03]} Qd5 {[%emt 0:00:01]} 19. Qxd5 {[%emt 0:00:02]} Nbxd5 {[%emt 0:00:01]} 20. Ne3 {[%emt 0:00:00]} Nxe3 {[%emt 0:00:01]} 21. fxe3 {[%emt 0:00:01]} Nd5 {[%emt 0:00:00]} 22. Nxf7+ {[%emt 0:00:01]} Rxf7 {[%emt 0:00:01]} 23. Rxf7 {[%emt 0:00:02]} Nxe3 {[%emt 0:00:00]} 24. Rc1 {[%emt 0:00:00]} h6 {[%emt 0:00:01]} 25. Rcc7 {[%emt 0:00:00]} Rg8 {[%emt 0:00:02]} 26. Rfe7 {[%emt 0:00:01]} Nf5 {[%emt 0:00:02]} 27. Rxe6 {[%emt 0:00:01]} Nxd4 {[%emt 0:00:00]} 28. Rxa6 {[%emt 0:00:00]} Nxe2+ {[%emt 0:00:01]} 29. Kf2 {[%emt 0:00:00]} Nd4 {[%emt 0:00:01]} 30. Raa7 {[%emt 0:00:01]} Ne6 {[%emt 0:00:01]} 31. Re7 {[%emt 0:00:01]} Rf8+ {[%emt 0:00:00]} 32. Kg2 {[%emt 0:00:01]} Ng5 {[%emt 0:00:03]} 33. Rxg7 {[%emt 0:00:00]} Rb8 {[%emt 0:00:06]} 34. h4 {[%emt 0:00:01]} Rxb2+ {[%emt 0:00:01]} 35. Kf1 {[%emt 0:00:00]} Ne4 {[%emt 0:00:01]} 36. Rgb7 {[%emt 0:00:02]} Rf2+ {[%emt 0:00:02]} 37. Ke1 {[%emt 0:00:01]} Rf8 {[%emt 0:00:01]} 38. Re7 {[%emt 0:00:01]} Nxg3 {[%emt 0:00:01]} 39. Rh7+ {[%emt 0:00:01]} Kg8 {[%emt 0:00:01]} 40. Rag7# {[%emt 0:00:00] (Lag: Av=0.81s, max=1.4s) (Lag: Av=0.81s, max=1.4s) (Lag: Av=0.81s, max=1.4s)} 1-0